Siêu âm Doppler màu trong thăm khám mạch máu tạng và mạch ngoại biên
Nội dung tài liệu trình bày về cách thăm khám, giải phẫu, hình ảnh bình thường và bệnh lý trên siêu âm Doppler xung và Doppler màu trong chẩn đoán một số bệnh lý mạch máu từ hệ động mạch cảnh, động mạch sống nền, mạch máu các tạng, động...
Đã lưu trong:
| 主要作者: | |
|---|---|
| 其他作者: | , , , |
| 格式: | 圖書 |
| 語言: | Vietnamese |
| 出版: |
H.
Khoa học và Kỹ thuật
2016
|
| 標簽: |
添加標簽
沒有標簽, 成為第一個標記此記錄!
|
| Thư viện lưu trữ: | Thư viện Trường Đại học Nam Cần Thơ |
|---|
| LEADER | 02845aam a22003378a 4500 | ||
|---|---|---|---|
| 001 | NCT_2446 | ||
| 008 | 170209s2016 ||||||viesd | ||
| 999 | |c 129 |d 129 | ||
| 020 | |a 9786046707950 |c 380000 | ||
| 082 | 0 | 4 | |2 23rd ed. |a 616.1307543 |b Th455 |
| 100 | 1 | |a Phạm Minh Thông |e Chủ biên | |
| 245 | 0 | 0 | |a Siêu âm Doppler màu trong thăm khám mạch máu tạng và mạch ngoại biên |c Phạm Minh Thông (chủ biên) |
| 260 | |a H. |b Khoa học và Kỹ thuật |c 2016 | ||
| 300 | |a 387tr. |b minh hoạ |c 24cm | ||
| 520 | 3 | |a Nội dung tài liệu trình bày về cách thăm khám, giải phẫu, hình ảnh bình thường và bệnh lý trên siêu âm Doppler xung và Doppler màu trong chẩn đoán một số bệnh lý mạch máu từ hệ động mạch cảnh, động mạch sống nền, mạch máu các tạng, động mạch và tĩnh mạch chủ dưới; động mạch và tĩnh mạch chi trên và chi dưới... | |
| 700 | 1 | |a Nguyễn Duy Trinh | |
| 700 | 1 | |a Phạm Mạnh Cường | |
| 700 | 1 | |a Vũ Đăng Lưu | |
| 700 | 1 | |a Bùi Văn Giang | |
| 942 | |2 ddc |c BK | ||
| 952 | |0 0 |1 0 |2 ddc |4 0 |6 616_130754300000000_TH455 |7 0 |9 491 |a 000001 |b 000001 |d 2017-10-07 |o 616.1307543 Th455 |p MD.00506 |r 2017-10-07 |v 380000.00 |w 2017-10-07 |y BK | ||
| 952 | |0 0 |1 0 |2 ddc |4 0 |6 616_130754300000000_TH455 |7 0 |9 492 |a 000001 |b 000001 |d 2017-10-07 |o 616.1307543 Th455 |p MD.00507 |r 2017-10-07 |v 380000.00 |w 2017-10-07 |y BK | ||
| 952 | |0 0 |1 0 |2 ddc |4 0 |6 616_130754300000000_TH455 |7 0 |9 493 |a 000001 |b 000001 |d 2017-10-07 |o 616.1307543 Th455 |p MD.00508 |r 2017-10-07 |v 380000.00 |w 2017-10-07 |y BK | ||
| 952 | |0 0 |1 0 |2 ddc |4 0 |6 616_130754300000000_TH455 |7 0 |9 494 |a 000001 |b 000001 |d 2017-10-07 |o 616.1307543 Th455 |p MD.00509 |r 2017-10-07 |v 380000.00 |w 2017-10-07 |y BK | ||
| 952 | |0 0 |1 0 |2 ddc |4 0 |6 616_130754300000000_TH455 |7 0 |9 495 |a 000001 |b 000001 |d 2017-10-07 |o 616.1307543 Th455 |p MD.00510 |r 2017-10-07 |v 380000.00 |w 2017-10-07 |y BK | ||
| 952 | |0 0 |1 0 |2 ddc |4 0 |6 616_130754300000000_TH455 |7 0 |9 496 |a 000001 |b 000001 |d 2017-10-07 |o 616.1307543 Th455 |p MD.00511 |r 2017-10-07 |v 380000.00 |w 2017-10-07 |y BK | ||
| 952 | |0 0 |1 0 |2 ddc |4 0 |6 616_130754300000000_TH455 |7 0 |9 497 |a 000001 |b 000001 |d 2017-10-07 |o 616.1307543 Th455 |p MD.00512 |r 2017-10-07 |v 380000.00 |w 2017-10-07 |y BK | ||
| 952 | |0 0 |1 0 |2 ddc |4 0 |6 616_130754300000000_TH455 |7 0 |9 498 |a 000001 |b 000001 |d 2017-10-07 |o 616.1307543 Th455 |p MD.00513 |r 2017-10-07 |v 380000.00 |w 2017-10-07 |y BK | ||
| 952 | |0 0 |1 0 |2 ddc |4 0 |6 616_130754300000000_TH455 |7 0 |9 499 |a 000001 |b 000001 |d 2017-10-07 |o 616.1307543 Th455 |p MD.00514 |r 2017-10-07 |v 380000.00 |w 2017-10-07 |y BK | ||
| 952 | |0 0 |1 0 |2 ddc |4 0 |6 616_130754300000000_TH455 |7 0 |9 500 |a 000001 |b 000001 |d 2017-10-07 |o 616.1307543 Th455 |p MD.00515 |r 2017-10-07 |v 380000.00 |w 2017-10-07 |y BK | ||
| 980 | |a Thư viện Trường Đại học Nam Cần Thơ | ||


